000 00662nam a2200229 i 4500
001 C2-0114164
003 PPAK
005 20180727104542.0
008 970707s1974 my |||| ||||| | eng d
040 _aPPAK
_beng
_cPPAK
_erda
082 0 4 _a899.23
_223
090 0 0 _a899.23
_bISM
_dG
100 0 _aIsmail Hussein,
_eauthor
245 1 4 _aThe study of traditional Malay literature with a selected bibliography
264 1 _aKuala Lumpur :
_bDewan Bahasa dan Pustaka ,
_c1974
300 _a75 pages ;
_c21 cm
336 _2rdacontent
_atext
337 _2rdamedia
_aunmediated
338 _2rdacarrier
_avolume
650 1 0 _aMalay literature
942 _ddc
_cB
999 _c29080
_d29080